De las políticas públicas a las políticas castrenses en la erradicación de cultivos ilícitos en México, 1994-2015 /

Furkejuvvon:
Bibliográfalaš dieđut
Váldodahkki: Gudiño Chong, Enrique (autor)
Materiálatiipa: Oahppočájánas Girji
Giella:espánnjágiella
Almmustuhtton: Guadalajara, México : edición de autor, 2016
Fáttát:
Liŋkkat:Ver documento en línea
Fáddágilkorat: Lasit fáddágilkoriid
Eai fáddágilkorat, Lasit vuosttaš fáddágilkora!

MARC

LEADER 00000nam^a2200000^a^4500
001 000402987
005 20251023000000.0
009 20260526143633.21
037 |a Acervo ITESO - Biblioteca 
041 |a ESP 
090 |a MPG. 95 
100 |a Gudiño Chong, Enrique  |e (autor) 
245 1 0 |a De las políticas públicas a las políticas castrenses en la erradicación de cultivos ilícitos en México, 1994-2015 /  |c E. Gudiño Chong. 
264 1 |a Guadalajara, México :  |b edición de autor,  |c 2016 
300 |a 1 tesis electrónica en línea (122 p.) 
300 |a 1 recurso en línea 
336 |a datos para computadora  |b cod  |2 rdacontenido 
337 |a computadora  |b c  |2 rdamedio 
338 |a recurso en línea  |b cr  |2 rdasoporte 
502 |a ITESO Tesis de Maestría en Política y Gestión Pública 
649 |a XX 
650 |a Marihuana -  |z México -  |x Aspectos Jurídicos 
650 |a Amapola -  |z México -  |x Aspectos Jurídicos 
650 |a Drogas Ilegales -  |z México -  |x Aspectos Jurídicos 
650 |a Narcotráfico -  |z México 
650 |a Crimen Organizado -  |z México 
650 |a Violencia Política -  |z México 
650 |a Corrupción -  |z México 
650 |a Despenalización de las Drogas -  |z México -  |x Tema Principal 
650 |a Política Antidrogas -  |z México -  |x Historia -  |y 1994-2000 
650 |a Política Antidrogas -  |z México -  |x Historia -  |y Siglo XXI 
650 |a Política Criminológica -  |z México -  |x Historia -  |y 1994-2000 
650 |a Política Criminológica -  |z México -  |x Historia -  |y Siglo XXI 
650 |a Políticas Públicas -  |z México -  |x Historia -  |y 1994-2000 
650 |a Políticas Públicas -  |z México -  |x Historia -  |y Siglo XXI 
650 |a Política -  |z México -  |x Historia -  |y 1994-2000 
650 |a Política -  |z México -  |x Historia -  |y Siglo XXI 
650 |a México -  |x Condiciones Políticas 
856 4 0 |u https://rei.iteso.mx/handle/11117/4971  |y Ver documento en línea 
910 |a Fondo General 
920 |a Electrónicos - Tesis del ITESO en Línea 
930 |a Repositorio Institucional 
905 |a 201 
901 |a 402987-1  |b IT2  |c ETI  |u 20250521 
902 |a https://opac.biblio.iteso.mx/vufind/Record/000402987